Social formation in Dhaka City : (Record no. 1703)

MARC details
000 -LEADER
fixed length control field 00776nam a2200229 a 4500
003 - CONTROL NUMBER IDENTIFIER
control field BD-DhJNU
005 - DATE AND TIME OF LATEST TRANSACTION
control field 20250517034946.0
008 - FIXED-LENGTH DATA ELEMENTS--GENERAL INFORMATION
fixed length control field 100118r19931990bg a b 001 0 eng d
010 ## - LIBRARY OF CONGRESS CONTROL NUMBER
LC control number 90905426
020 ## - INTERNATIONAL STANDARD BOOK NUMBER
International Standard Book Number 9840512102
040 ## - CATALOGING SOURCE
Original cataloging agency BD-DhJNU
Language of cataloging ENG
Transcribing agency BD-DhJNU
Modifying agency BD-DhJNU
082 00 - DEWEY DECIMAL CLASSIFICATION NUMBER
Classification number 307.76 SOC
Edition number 23
245 00 - TITLE STATEMENT
Title Social formation in Dhaka City :
Remainder of title a study in third World urban sociology /
Statement of responsibility, etc. Kamal Siddiqui ... [et al.].
260 ## - PUBLICATION, DISTRIBUTION, ETC.
Place of publication, distribution, etc. Dhaka :
Name of publisher, distributor, etc. University Press Limited,
Date of publication, distribution, etc. 1990 [printing 1993].
300 ## - PHYSICAL DESCRIPTION
Extent vi, 456 p. :
Other physical details ill. ;
Dimensions 22 cm.
504 ## - BIBLIOGRAPHY, ETC. NOTE
Bibliography, etc. note Includes bibliographical references (pages [444]-450) and index.
526 ## - STUDY PROGRAM INFORMATION NOTE
Program name GenEd
651 #0 - SUBJECT ADDED ENTRY--GEOGRAPHIC NAME
Geographic name Dhaka (Bangladesh)
General subdivision Social conditions.
651 #0 - SUBJECT ADDED ENTRY--GEOGRAPHIC NAME
Geographic name Social sciences.
700 1# - ADDED ENTRY--PERSONAL NAME
Personal name Siddiqui, Kamal.
942 ## - ADDED ENTRY ELEMENTS (KOHA)
Koha item type Books
Holdings
Withdrawn status Lost status Source of classification or shelving scheme Damaged status Not for loan Collection Home library Current library Shelving location Date acquired Source of acquisition Total checkouts Full call number Barcode Date last seen Copy number Price effective from Koha item type
    Dewey Decimal Classification     Non-fiction Jagannath University Central Library Jagannath University Central Library General stacks 05/17/2025 Purchased   307.76 SOC JNUCL17545 05/17/2025 1 05/17/2025 Books
    Dewey Decimal Classification     Non-fiction Jagannath University Central Library Jagannath University Central Library General stacks 05/17/2025 Purchased   307.76 SOC JNUCL17546 05/17/2025 2 05/17/2025 Books